Hinduja Foundation Encyclopaedia Of Nobel Laureates (1901-2000) (Record no. 521696)
[ view plain ]
| 000 -LEADER | |
|---|---|
| fixed length control field | 00264nam a22000977a 4500 |
| 082 ## - DEWEY DECIMAL CLASSIFICATION NUMBER | |
| Classification number | TNC A31 H588 |
| 100 ## - MAIN ENTRY--PERSONAL NAME | |
| Personal name | Bagchi, K. Asoke |
| 9 (RLIN) | 35862 |
| 245 ## - TITLE STATEMENT | |
| Title | Hinduja Foundation Encyclopaedia Of Nobel Laureates (1901-2000) |
| 260 ## - PUBLICATION, DISTRIBUTION, ETC. (IMPRINT) | |
| Place of publication, distribution, etc | Delhi |
| Name of publisher, distributor, etc | Konark |
| Date of publication, distribution, etc | 2003 |
| 300 ## - PHYSICAL DESCRIPTION | |
| Extent | 764p. |
| Withdrawn status | Lost status | Source of classification or shelving scheme | Damaged status | Koha normalized classification for sorting | Not for loan | Permanent location | Current location | Date acquired | Full call number | Barcode | Date last seen | Price effective from | Koha item type |
|---|---|---|---|---|---|---|---|---|---|---|---|---|---|
| TNC_A31_H588 | Indian Institute of Public Administration | Indian Institute of Public Administration | 2023-02-23 | TNC A31 H588 | GR24171 | 2023-02-23 | 2023-02-23 | GR |
